| 000 | 00657nam a2200265Ia 4500 | ||
|---|---|---|---|
| 003 | 0100 | ||
| 008 | 130307s9999 xx 000 0 und d | ||
| 020 | _a0226288501 | ||
| 040 | _cARRUPELIB | ||
| 050 | _aJA83.G45 1972 | ||
| 100 | _aGermino, Dante L | ||
| 245 | _aModern Western political thought | ||
| 245 | _bMachiavelli to Marx | ||
| 260 | _aChicago | ||
| 260 | _bRand McNally | ||
| 260 | _c1972 | ||
| 300 | _axiii | ||
| 300 | _b401 p. 24 cm. | ||
| 440 | _aRand McNally political science series | ||
| 650 | _aPOLITICAL SCIENCE | ||
| 650 | _bWhole & parts (Philosophy) | ||
| 650 | _cInfinite | ||
| 650 | _dPhenomenology | ||
| 942 | 0 | 0 | _03 |
| 999 |
_c93927 _d93927 |
||